Central Library OPAC University of Rajshahi

Introduction to semiconductor devices / (Record no. 68371)

MARC details
000 -LEADER
fixed length control field 00812nam a2200289 a 4500
001 - CONTROL NUMBER
control field 68371
003 - CONTROL NUMBER IDENTIFIER
rucl marc code BD-RjUL
005 - DATE AND TIME OF LATEST TRANSACTION
control field 20211209081748.0
008 - FIXED-LENGTH DATA ELEMENTS--GENERAL INFORMATION
fixed length control field 170402s1970 enka b 001 0 eng d
020 ## - INTERNATIONAL STANDARD BOOK NUMBER
International Standard Book Number 245565868
International Standard Book Number 245504397
035 ## - SYSTEM CONTROL NUMBER
System control number (BD-RjUL)68581
040 ## - CATALOGING SOURCE
Original cataloging agency DLC
Transcribing agency DLC
Modifying agency DLC
Language of cataloging eng
041 ## - LANGUAGE CODE
Language code of text/sound track or separate title eng
082 00 - DEWEY DECIMAL CLASSIFICATION NUMBER
Classification number 621.38152
Edition number 23
Author mark and year MOI 1970
100 1# - MAIN ENTRY--PERSONAL NAME
Personal name Morant, M. J.
9 (RLIN) 202700
245 10 - TITLE STATEMENT
Title Introduction to semiconductor devices /
Statement of responsibility, etc. by M. J. Morant.
250 ## - EDITION STATEMENT
Edition statement 2nd ed.
260 ## - PUBLICATION, DISTRIBUTION, ETC. (IMPRINT)
Place of publication, distribution, etc. London :
Name of publisher, distributor, etc. Harrap,
Date of publication, distribution, etc. 1970.
300 ## - PHYSICAL DESCRIPTION
Pagination 148 p. :
Illustrations ill. ;
Size 22 cm.
490 0# - SERIES STATEMENT
Series statement Engineering science monographs
504 ## - BIBLIOGRAPHY, ETC. NOTE
Bibliography, etc Includes Bibliography
650 #0 - SUBJECT ADDED ENTRY--TOPICAL TERM
Topical term or geographic name as entry element Semiconductors.
9 (RLIN) 202701
830 ## - SERIES ADDED ENTRY--UNIFORM TITLE
Uniform title Engineering science monographs
942 ## - ADDED ENTRY ELEMENTS (KOHA)
Source of classification or shelving scheme Dewey Decimal Classification
Koha item type Books
Holdings
Lost status Source of classification or shelving scheme Damaged status Not for loan Collection code Permanent Location Current Location Shelving location Date acquired Source of acquisition Full call number Date last seen Copy number Koha item type Total Checkouts Cost, normal purchase price
  Dewey Decimal Classification   Not For Loan Non-fiction Central Library, University of Rajshahi Central Library, University of Rajshahi Reading Room 10/02/1973 Britain 621.38152 MOI 1970 02/04/2017 C-1 Books    
  Dewey Decimal Classification     Non-fiction Central Library, University of Rajshahi Central Library, University of Rajshahi   10/02/1973 Bretain 621.38152 MOI 1970 11/05/2017 C-2 Books    
  Dewey Decimal Classification     Non-fiction Central Library, University of Rajshahi Central Library, University of Rajshahi   10/02/1973 Bretain 621.38152 MOI 1970 11/05/2017 C-3 Books    
  Dewey Decimal Classification     Non-fiction Central Library, University of Rajshahi Central Library, University of Rajshahi   10/02/1973 Bretain 621.38152 MOI 1970 11/05/2017 C-4 Books    
  Dewey Decimal Classification     Non-fiction Central Library, University of Rajshahi Central Library, University of Rajshahi   10/02/1973 Bretain 621.38152 MOI 1970 11/05/2017 C-5 Books    
  Dewey Decimal Classification     Non-fiction Central Library, University of Rajshahi Central Library, University of Rajshahi   10/02/1973 Bretain 621.38152 MOI 1970 11/05/2017 C-6 Books    
  Dewey Decimal Classification     Non-fiction Central Library, University of Rajshahi Central Library, University of Rajshahi   15/06/1981 Dr Hossain Dept. of Physics 621.38152 MOI 1970 11/05/2017 C-7 Books   60.00
  Dewey Decimal Classification     Non-fiction Central Library, University of Rajshahi Central Library, University of Rajshahi   17/02/1973 Britain 621.38152 MOI 1970 10/10/2018 C-8 Books   60.00
  Dewey Decimal Classification     Non-fiction Central Library, University of Rajshahi Central Library, University of Rajshahi   09/12/2021 Britain 621.38152 MOI 1970 25/10/2018 C-9 Books